01334nam a2200361 a 4500001001200000003000800012006001900020007001500039008004100054010001700095020002100112020002100133020001800154020001800172040002100190035002100211043001200232050002500244100002100269245008000290260004300370300001100413490002200424504006400446533015200510650005700662650004100719655002900760710001700789830002300806856012600829999001700955ebr10224651CaPaEBRm u cr cn|||||||||981223s1998 enk sb 001 0 eng d z 99226229  z0304337838 (hbk) z030433782X (pbk) z9780304337828 z9781847142818 aCaPaEBRcCaPaEBR a(OCoLC)228657326 ae-uk---14aLB1576b.P685 1998eb1 aPoulson, Louise.14aThe English curriculum in schoolsh[electronic resource] /cLouise Poulson. aLondon ;aNew York :bCassell,cc1998. a151 p.1 aEducation matters aIncludes bibliographical references (p. 141-146) and index. aElectronic reproduction.bPalo Alto, Calif. :cebrary,d2013.nAvailable via World Wide Web.nAccess may be limited to ebrary affiliated libraries. 0aEnglish languagexStudy and teachingzGreat Britain. 0aEducationxCurriculazGreat Britain. 7aElectronic books.2local2 aebrary, Inc. 0aEducation matters.40uhttp://site.ebrary.com/lib/rucke/Doc?id=10224651zAn electronic book accessible through the World Wide Web; click to view c26332d26332